000 00441pab a2200157 454500
008 180718b1988 xxu||||| |||| 00| 0 eng d
100 _aPapanek, Hanna
245 _aWomen are good with money
_bEarning and managing in an Indonecian city
260 _c1988
300 _aWS 73-84
362 _a29 Oct.
650 _aWomen - Employment - Indonesia
700 _aLavrel Schwedie
773 _aEconomic and Political Weekly
909 _a20887
999 _c20887
_d20887